[Event "XLI Barbera del Valles Open 2018"]
[Site "Barbera del Valles"]
[Date "2018.07.12"]
[Round "9"]
[White "Stella, Andrea"]
[Black "Iniyan, P."]
[Result "1/2-1/2"]
[WhiteElo "2504"]
[BlackElo "2451"]
[Annotator "RC"]
[PlyCount "45"]
[EventDate "2018.07.04"]
[EventType "swiss"]
[EventCountry "ESP"]
[SourceTitle "playchess.com"]
[Source "ChessBase"]
[SourceQuality "1"]
[TimeControl "5400+30"]

1. d4 {[%emt 0:02:46]} Nf6 {[%emt 0:00:00]} 2. Nf3 {[%emt 0:00:14]} g6 {[%emt 0:00:00]} 3. g3 {[%emt 0:00:06]} Bg7 {[%emt 0:00:02]} 4. Bg2 {[%emt 0:00:05]} O-O {[%emt 0:00:07]} 5. O-O {[%emt 0:00:15]} d6 {[%emt 0:00:08]} 6. b3 {[%emt 0:00:37]} Nbd7 {[%emt 0:02:33]} 7. Bb2 {[%emt 0:02:03]} e5 {[%emt 0:05:14]} 8. dxe5 {[%emt 0:00:49]} Ng4 {[%emt 0:00:04]} 9. Qc1 {[%emt 0:02:57]} Ngxe5 {[%emt 0:02:39]} 10. Nxe5 {[%emt 0:01:33]} dxe5 {[%emt 0:08:14]} 11. Nc3 {[%emt 0:04:57]} f5 {[%emt 0:12:06]} 12. Ba3 {[%emt 0:06:49]} Rf6 {[%emt 0:03:30]} 13. e4 {[%emt 0:09:39]} c6 {[%emt 0:00:08]} 14. f4 {[%emt 0:06:03]} exf4 {[%emt 0:08:44]} 15. Qxf4 {[%emt 0:01:20]} Rf7 {[%emt 0:03:21]} 16. Bb2 {[%emt 0:15:17]} Ne5 {[%emt 0:01:29]} 17. Rad1 {[%emt 0:18:09]} Qb6+ {[%emt 0:00:08]} 18. Kh1 {[%emt 0:00:29]} fxe4 {[%emt 0:00:20]} 19. Qg5 {[%emt 0:00:03]} Bf5 {[%emt 0:06:55]} 20. Nxe4 {[%emt 0:03:10]} Bxe4 {[%emt 0:01:46]} 21. Bxe4 {[%emt 0:02:06]} Raf8 {[%emt 0:00:02]} 22. Rfe1 {[%emt 0:02:59]} Bf6 {[%emt 0:02:17]} 23. Qf4 {[%emt 0:04:24]} 1/2-1/2

[Event "XLI Barbera del Valles Open 2018"]
[Site "Barbera del Valles"]
[Date "2018.07.12"]
[Round "9"]
[White "Manolache, Marius"]
[Black "Mohammad Nubairshah Shaikh"]
[Result "1-0"]
[WhiteElo "2494"]
[BlackElo "2441"]
[Annotator "ChessBase"]
[PlyCount "51"]
[EventDate "2018.07.04"]
[EventType "swiss"]
[EventCountry "ESP"]
[SourceTitle "playchess.com"]
[Source "ChessBase"]
[SourceQuality "1"]
[TimeControl "5400+30"]

1. d4 {[%emt 0:00:00]} d5 {[%emt 0:03:33]} 2. Nf3 {[%emt 0:00:00]} Nf6 3. g3 g6 {[%emt 0:02:44]} 4. Bg2 {[%emt 0:00:54]} Bg7 {[%emt 0:00:02]} 5. c4 {[%emt 0:00:56]} c6 {[%emt 0:00:33]} 6. Nc3 O-O {[%emt 0:05:06]} 7. cxd5 {[%emt 0:04:24]} cxd5 {[%emt 0:00:03]} 8. Ne5 Nc6 {[%emt 0:05:25]} 9. O-O {[%emt 0:00:36]} Bf5 {[%emt 0:17:21]} 10. Be3 {[%emt 0:20:34]} Rc8 {[%emt 0:13:49]} 11. Rc1 {[%emt 0:18:49]} Qd6 {[%emt 0:02:46]} 12. Bf4 {[%emt 0:08:10]} Qb4 {[%emt 0:09:37]} 13. Bxd5 {[%emt 0:16:28]} Nxd4 {[%emt 0:26:16]} 14. e4 Bh3 {[%emt 0:00:21]} 15. Re1 {[%emt 0:09:40]} e6 16. a3 {[%emt 0:01:48]} Qxb2 {[%emt 0:03:56]} 17. Qxd4 {[%emt 0:00:10]} exd5 {[%emt 0:03:27]} 18. Nd3 {[%emt 0:04:10]} Qxa3 {[%emt 0:00:35]} 19. Nb5 {[%emt 0:03:06]} Rxc1 20. Nxa3 {[%emt 0:00:25]} Rxe1+ {[%emt 0:01:08]} 21. Nxe1 {[%emt 0:00:00]} Nxe4 22. Be5 Bh6 {[%emt 0:03:32]} 23. Qxd5 {[%emt 0:00:59]} Nd2 {[%emt 0:00:16]} 24. Bc3 {[%emt 0:00:38]} Nf1 25. Qd4 {[%emt 0:00:30]} f6 {[%emt 0:00:52]} 26. Qh4 {[%emt 0:00:18]} 1-0

[Event "XLI Barbera del Valles Open 2018"]
[Site "Barbera del Valles"]
[Date "2018.07.12"]
[Round "9"]
[White "Alsina Leal, Daniel"]
[Black "Herraiz, Herminio"]
[Result "1/2-1/2"]
[WhiteElo "2492"]
[BlackElo "2421"]
[Annotator "ChessBase"]
[PlyCount "60"]
[EventDate "2018.07.04"]
[EventType "swiss"]
[EventCountry "ESP"]
[SourceTitle "playchess.com"]
[Source "ChessBase"]
[SourceQuality "1"]
[TimeControl "5400+30"]

1. e4 {[%emt 0:00:00]} c5 {[%emt 0:00:00]} 2. Nf3 {[%emt 0:00:00]} Nc6 {[%emt 0:00:00]} 3. d4 {[%emt 0:00:08]} cxd4 {[%emt 0:00:01]} 4. Nxd4 {[%emt 0:00:05]} Nf6 {[%emt 0:00:17]} 5. Nc3 {[%emt 0:00:11]} e5 {[%emt 0:00:42]} 6. Ndb5 {[%emt 0:00:37]} d6 {[%emt 0:00:19]} 7. Bg5 {[%emt 0:01:20]} a6 {[%emt 0:00:34]} 8. Na3 {[%emt 0:00:11]} Be6 {[%emt 0:01:00]} 9. Nc4 {[%emt 0:02:03]} Rb8 {[%emt 0:01:48]} 10. Nd5 {[%emt 0:07:53]} Bxd5 {[%emt 0:02:15]} 11. Bxf6 {[%emt 0:26:21]} Qxf6 {[%emt 0:00:42]} 12. exd5 {[%emt 0:00:20]} Ne7 {[%emt 0:03:08]} 13. Be2 {[%emt 0:10:22]} g6 {[%emt 0:25:46]} 14. O-O {[%emt 0:01:45]} Bg7 {[%emt 0:08:09]} 15. a4 {[%emt 0:00:33]} O-O {[%emt 0:01:43]} 16. a5 {[%emt 0:01:38]} e4 {[%emt 0:05:36]} 17. c3 {[%emt 0:06:34]} Rbd8 18. Ra4 {[%emt 0:04:00]} Qg5 {[%emt 0:15:01]} 19. Nb6 {[%emt 0:04:28]} f5 {[%emt 0:00:10]} 20. Rc4 {[%emt 0:01:56]} Nc8 21. Rc7 {[%emt 0:10:46]} Nxb6 {[%emt 0:13:38]} 22. axb6 {[%emt 0:00:04]} Rf7 {[%emt 0:02:19]} 23. Qa4 {[%emt 0:04:19]} Qd2 {[%emt 0:04:23]} 24. Qc4 {[%emt 0:03:22]} Rdf8 {[%emt 0:01:51]} 25. Rxf7 {[%emt 0:07:58]} Rxf7 {[%emt 0:00:39]} 26. Qc8+ {[%emt 0:00:08]} Bf8 {[%emt 0:00:22]} 27. Bxa6 {[%emt 0:02:34]} e3 {[%emt 0:00:57]} 28. fxe3 {[%emt 0:02:28]} Qxe3+ {[%emt 0:00:06]} 29. Rf2 {[%emt 0:00:54]} Qxb6 {[%emt 0:00:32]} 30. Bf1 {[%emt 0:00:13]} Re7 {[%emt 0:04:17]} 1/2-1/2

[Event "XLI Barbera del Valles Open 2018"]
[Site "Barbera del Valles"]
[Date "2018.07.12"]
[Round "9"]
[White "Oliva Castaneda, Kevel"]
[Black "Alonso Moyano, Jonathan"]
[Result "1-0"]
[WhiteElo "2491"]
[BlackElo "2400"]
[Annotator "RC"]
[PlyCount "65"]
[EventDate "2018.07.04"]
[EventType "swiss"]
[EventCountry "ESP"]
[SourceTitle "playchess.com"]
[Source "ChessBase"]
[SourceQuality "1"]
[TimeControl "5400+30"]

1. d4 f5 {[%emt 0:00:28]} 2. Nc3 {[%emt 0:00:08]} Nf6 {[%emt 0:00:43]} 3. Bg5 {[%emt 0:00:12]} d5 {[%emt 0:00:20]} 4. e3 {[%emt 0:00:11]} e6 {[%emt 0:00:51]} 5. Nf3 {[%emt 0:00:09]} Be7 {[%emt 0:04:10]} 6. Bd3 {[%emt 0:00:10]} O-O {[%emt 0:00:20]} 7. O-O {[%emt 0:00:11]} c5 {[%emt 0:10:34]} 8. dxc5 Bxc5 {[%emt 0:05:40]} 9. Na4 {[%emt 0:01:14]} Be7 {[%emt 0:00:07]} 10. c4 {[%emt 0:00:38]} Nc6 {[%emt 0:04:36]} 11. Nc3 {[%emt 0:15:19]} Ne4 {[%emt 0:08:34]} 12. Bxe7 {[%emt 0:04:20]} Qxe7 {[%emt 0:01:51]} 13. Rc1 {[%emt 0:05:24]} Rd8 {[%emt 0:05:36]} 14. cxd5 {[%emt 0:01:44]} Nxc3 {[%emt 0:00:05]} 15. Rxc3 {[%emt 0:00:07]} Rxd5 {[%emt 0:00:26]} 16. Qe2 {[%emt 0:00:26]} Bd7 {[%emt 0:11:28]} 17. e4 {[%emt 0:06:32]} Rd6 {[%emt 0:00:25]} 18. Re1 {[%emt 0:08:31]} Re8 {[%emt 0:05:11]} 19. exf5 {[%emt 0:02:21]} exf5 {[%emt 0:00:06]} 20. Bc4+ {[%emt 0:00:07]} Be6 {[%emt 0:01:05]} 21. Rd3 {[%emt 0:12:34]} Rxd3 {[%emt 0:09:23]} 22. Qxd3 {[%emt 0:00:14]} Qf7 {[%emt 0:00:21]} 23. Qe3 {[%emt 0:05:32]} Bxc4 {[%emt 0:03:22]} 24. Qxe8+ {[%emt 0:00:11]} Qxe8 {[%emt 0:00:05]} 25. Rxe8+ {[%emt 0:00:05]} Kf7 {[%emt 0:00:03]} 26. Rc8 {[%emt 0:00:12]} Bxa2 {[%emt 0:00:14]} 27. Rc7+ {[%emt 0:00:07]} Kf6 {[%emt 0:00:05]} 28. Rxb7 {[%emt 0:00:09]} Bd5 {[%emt 0:04:37]} 29. Ne1 {[%emt 0:00:19]} a5 {[%emt 0:01:43]} 30. Nd3 {[%emt 0:00:45]} Bc4 {[%emt 0:02:22]} 31. Rb6 {[%emt 0:00:25]} Bxd3 {[%emt 0:00:36]} 32. Rxc6+ {[%emt 0:00:05]} Kg5 {[%emt 0:01:30]} 33. Rc7 {[%emt 0:00:06]} 1-0

[Event "XLI Barbera del Valles Open 2018"]
[Site "Barbera del Valles"]
[Date "2018.07.12"]
[Round "9"]
[White "Aguero Jimenez, Luis Lazaro"]
[Black "Gonzales, Jayson"]
[Result "0-1"]
[WhiteElo "2473"]
[BlackElo "2367"]
[Annotator "TA"]
[PlyCount "104"]
[EventDate "2018.07.04"]
[EventType "swiss"]
[EventCountry "ESP"]
[SourceTitle "playchess.com"]
[Source "ChessBase"]
[SourceQuality "1"]

{[%evp 12,104,78,64,80,64,89,6,8,5,4,-27,-17,-22,-12,-21,0,-8,0,0,0,0,41,-12,-12,-32,-52,-41,-40,-54,-47,-86,-75,-78,-71,-85,-77,-70,-51,-79,-79,-192,-72,-110,-68,-111,-119,-125,-118,-1174,-1153,-1270,-20,-10,-6,-58,-45,-48,-44,-136,-145,-147,-121,-110,-38,-172,-169,-139,-85,-93,-102,-132,-135,-597,-593,-558,-560,-528,-491,-898,-889,-866,-814,-1241,-1210,-985,-975,-5226,-5214,-29981,-29982,-29987,-29986,-29994,-29995]} 1. Nf3 d6 2. d4 Bg4 3. e4 c6 4. h3 Bh5 5. Nc3 Nd7 6. g4 {B12: Caro-Kann (Vorstoß-Variante)} (6. Qe2 e5 7. g4 Bg6 8. Bg2 Be7 9. h4 h6 10. Bd2 Ngf6 11. Bh3 Qb6 12. dxe5 dxe5 {1-0 (30) Riazantsev,A (2671)-Plat,V (2532) Tallinn 2016}) 6... Bg6 7. Nh4 {LiveBook: 3 Partien} e6 8. Nxg6 {Weiß steht besser.} hxg6 9. Be3 $146 (9. d5 $16) ({Vorgänger:} 9. Bg2 d5 10. O-O dxe4 11. Nxe4 Ngf6 12. Nxf6+ Nxf6 13. c4 Bd6 14. Be3 O-O 15. f4 Rc8 16. Qb3 b6 17. Qa4 Qc7 18. b4 b5 19. cxb5 {½-½ (19) Doric,D (2504)-Lazic,M (2459) Rijeka 2011}) 9... d5 $11 10. Bg2 Bb4 11. a3 Bxc3+ $1 12. bxc3 Nb6 13. Qd3 Nc4 14. O-O Qc7 15. Bc1 Ne7 16. a4 O-O-O {[%cal Be8c8,Bc8b8,Bb8a8][%mdl 32]} (16... a5 {with more complications.} 17. Re1 Qd7 18. e5 b5 19. Bf1 Nc8) 17. e5 (17. Re1 $14) 17... Kb8 18. Bg5 Rdf8 19. Bc1 Ka8 20. Re1 Nc8 21. f4 Qd8 22. Qg3 Rh7 23. Be3 Rfh8 24. Bf2 Ne7 25. Qd3 {[#]} g5 $1 {[%mdl 512] zielt auf ...Sg6 ab.} 26. f5 (26. Qf3 $17) (26. fxg5 Ng6) 26... Qd7 (26... exf5 $19 {bietet bessere Gewinnchancen.} 27. gxf5 Rh6) 27. fxe6 Qxe6 28. Bg3 Rxh3 29. Bxh3 Rxh3 30. Kg2 $2 {[%mdl 8192]} (30. Kf2 $17) 30... Qxg4 $19 31. Qf3 {[#]} Qe6 $2 (31... Rh2+ $1 $19 {[%mdl 512]} 32. Kxh2 Qxf3) 32. Rh1 $1 $11 {[%cal Rh1h3]} g4 {[%cal Bg5g4,Bg4h3][%mdl 32]} 33. Qf2 (33. Qf4 $11) 33... Nf5 34. Rxh3 gxh3+ 35. Kh1 (35. Kh2 $1 $15) 35... g5 $1 $17 36. Re1 a6 37. Bh2 Ka7 (37... Qg6 $17 {...Ka7 ist eine echte Drohung.} 38. Rg1 Nce3) 38. Rg1 (38. a5 $1 $15) 38... Qg6 $1 $19 39. Bf4 {[#]} g4 ({Günstiger ist} 39... Nh4 $1 40. Qe2 Ng2) 40. Kh2 $17 Qh5 {Und weiter mit ...Sh4 wäre nett.} 41. Bg3 Nce3 $36 {[%mdl 2048] [#] Weiss steht unter starkem Druck.} 42. Qf4 $2 {[%mdl 8192]} (42. e6 $1 $17 {[%mdl 512] ist zäher.} fxe6 43. Qf4) 42... Ng2 $19 43. Qf2 Ngh4 44. Bxh4 Nxh4 {[%mdl 4096] Endspiel KDT-KDS} 45. Rd1 (45. Rg3 $142 Nf3+ 46. Rxf3 gxf3 47. c4) 45... Nf3+ 46. Kh1 Qg5 47. Rb1 Qf4 {( -> ...g3)} 48. Rg1 Qe4 49. Rg3 Nxe5+ 50. Kg1 Nf3+ {Schwarz setzt Matt.} 51. Kh1 f5 52. Qf1 Nd2+ {Precision: Weiß = 23%, Schwarz = 61%.} 0-1

[Event "XLI Barbera del Valles Open 2018"]
[Site "Barbera del Valles"]
[Date "2018.07.12"]
[Round "9"]
[White "Torre, Eugenio"]
[Black "Guliyev, Namig"]
[Result "1/2-1/2"]
[WhiteElo "2460"]
[BlackElo "2545"]
[Annotator "TA"]
[PlyCount "107"]
[EventDate "2018.07.04"]
[EventType "swiss"]
[EventCountry "ESP"]
[SourceTitle "playchess.com"]
[Source "ChessBase"]
[SourceQuality "1"]

{[%evp 14,107,9,-19,-19,-57,-56,-72,-30,-56,-45,-69,-63,-70,-60,-76,0,-18,-24,-39,0,0,-10,-15,0,-2,0,0,0,-14,-6,-14,0,0,0,0,0,-15,-19,-84,-82,-76,-33,-45,0,-15,0,-8,-8,-8,0,0,0,0,0,0,-7,-7,0,0,0,0,0,0,0,0,0,0,0,0,0,-8,0,0,0,0,0,0,0,0,0,0,0,0,0,0,80,0,0,0,80,0,0,0,83,-697]} 1. d4 d5 2. Bf4 c5 3. e3 cxd4 4. exd4 Nc6 5. c3 Bf5 (5... Nf6 6. Bd3 Bg4 7. Qb3 Qc8 8. Nd2 e6 9. Ngf3 Bh5 10. O-O Be7 11. Rae1 a6 12. Qc2 Bg6 13. Ne5 Nxd4 14. Qa4+ Nc6 15. Nxg6 hxg6 16. Nf3 b5 17. Qd1 Qd7 18. a4 bxa4 19. Qxa4 {1-0 (84) Nakamura,H (2780)-Topalov,V (2749) Saint Louis 2017}) 6. Nf3 {B13: Caro-Kann: Exchange Variation and Panov-Botvinnik Attack} e6 7. Qb3 Qd7 8. Bb5 {LiveBook: 10 Games. The position is equal.} f6 9. Nbd2 g5 {[%cal Bg7g5,Bg5g4][%mdl 32]} 10. Be3 Nge7 $146 ({Predecessor:} 10... Bd6 11. c4 a6 12. Bxc6 Qxc6 13. c5 {½-½ (46) Hamark,J (2378)-Engqvist,T (2434) Sweden 2008}) 11. h4 g4 12. Nh2 h5 13. Nhf1 Bg6 14. Ng3 Nf5 (14... a6 $17 15. Be2 Qc7) 15. Nxf5 Bxf5 16. Bf4 Bd6 17. Bxd6 Qxd6 18. g3 O-O-O 19. O-O Kb8 20. Rfe1 Rhe8 21. Qa4 e5 22. Rad1 a6 23. Bxc6 $1 Qxc6 24. Qxc6 bxc6 25. Nb3 Bc2 26. Rc1 (26. Rd2 $11 {remains equal.} Bxb3 27. axb3) 26... Bxb3 $1 $17 27. axb3 {[%mdl 4096] Endgame KRR-KRR} Kc7 28. dxe5 Rxe5 29. b4 Kb6 30. Kf1 Rde8 31. Rxe5 fxe5 $11 {KR-KR} 32. Ra1 e4 33. Ke2 Rf8 34. Ra5 Rf3 35. Rc5 Rd3 36. Ra5 Kb7 37. Rc5 Kc7 38. Ra5 Kb6 39. Rc5 Rf3 40. Ra5 Kb7 41. Rc5 Kc7 42. Ra5 Kb7 43. Rc5 Kb6 44. Ra5 e3 45. fxe3 Rxg3 46. e4 $1 {[%cal Re4d5]} Rh3 47. exd5 Rxh4 48. d6 {Threatens to win with Rxa6+!} Rh2+ 49. Ke3 {Rxa6+! is the strong threat.} Rh1 {[#]} (49... Kb7 $11) 50. Ke2 ({Better is} 50. Rg5 $1 $16) 50... Rh2+ 51. Ke3 {Strongly threatening Rxa6+!} Rh1 {[#]} (51... Kb7 $11 {keeps the balance.}) 52. Ke2 (52. Rg5 $1 $16) 52... Rh2+ 53. Ke3 ({White should try} 53. Kd3 $11 Kb7 54. Kc4) 53... Rh1 $16 54. Kd4 $2 {[%mdl 40960] Precision: White = 49%, Black = 64%. . An unexpected result.} (54. Rg5 $16) 1/2-1/2

[Event "XLI Barbera del Valles Open 2018"]
[Site "Barbera del Valles"]
[Date "2018.07.12"]
[Round "9"]
[White "Perez Mitjans, Orelvis"]
[Black "Munoz, Miguel"]
[Result "0-1"]
[WhiteElo "2399"]
[BlackElo "2500"]
[Annotator "RC"]
[PlyCount "170"]
[EventDate "2018.07.04"]
[EventType "swiss"]
[EventCountry "ESP"]
[SourceTitle "playchess.com"]
[Source "ChessBase"]
[SourceQuality "1"]
[TimeControl "5400+30"]

1. e4 d5 {[%emt 0:02:37]} 2. exd5 {[%emt 0:02:00]} Nf6 {[%emt 0:00:17]} 3. Nf3 {[%emt 0:02:14]} Qxd5 {[%emt 0:00:40]} 4. Nc3 {[%emt 0:07:10]} Qa5 {[%emt 0:00:26]} 5. d4 {[%emt 0:08:33]} Bf5 {[%emt 0:02:54]} 6. Ne5 {[%emt 0:03:07]} e6 {[%emt 0:00:14]} 7. Nc4 {[%emt 0:04:39]} Qa6 {[%emt 0:01:12]} 8. Bf4 {[%emt 0:16:01]} Qc6 {[%emt 0:01:18]} 9. a3 {[%emt 0:08:51]} Ne4 {[%emt 0:09:45]} 10. Nb5 {[%emt 0:08:37]} Bd6 {[%emt 0:03:49]} 11. Qf3 {[%emt 0:06:21]} O-O {[%emt 0:05:57]} 12. Nbxd6 {[%emt 0:01:48]} cxd6 {[%emt 0:04:03]} 13. Bd3 {[%emt 0:00:37]} d5 {[%emt 0:00:48]} 14. Ne3 {[%emt 0:05:09]} Bg6 {[%emt 0:02:19]} 15. Qe2 {[%emt 0:01:32]} Nc3 {[%emt 0:04:15]} 16. Qd2 {[%emt 0:00:03]} Ne4 {[%emt 0:00:09]} 17. Qa5 {[%emt 0:01:36]} Nf6 {[%emt 0:00:33]} 18. Bb5 {[%emt 0:01:15]} Qb6 {[%emt 0:02:25]} 19. Qxb6 {[%emt 0:00:51]} axb6 {[%emt 0:00:08]} 20. f3 {[%emt 0:01:44]} Nc6 {[%emt 0:01:10]} 21. Rd1 {[%emt 0:00:19]} Rac8 {[%emt 0:01:35]} 22. c3 {[%emt 0:00:11]} Nh5 {[%emt 0:01:50]} 23. Bg5 {[%emt 0:00:41]} f6 {[%emt 0:06:13]} 24. Bh4 {[%emt 0:00:14]} Bf7 {[%emt 0:01:14]} 25. O-O {[%emt 0:01:58]} Nf4 {[%emt 0:05:55]} 26. Rfe1 {[%emt 0:01:51]} Rfd8 {[%emt 0:01:07]} 27. Bg3 {[%emt 0:00:40]} Nh5 {[%emt 0:00:36]} 28. Bf2 {[%emt 0:00:06]} Nf4 {[%emt 0:00:12]} 29. Bf1 {[%emt 0:01:38]} Na5 {[%emt 0:01:09]} 30. g3 {[%emt 0:00:33]} Ng6 {[%emt 0:00:08]} 31. f4 {[%emt 0:00:56]} f5 {[%emt 0:00:12]} 32. Bd3 {[%emt 0:02:27]} Ne7 {[%emt 0:14:19]} 33. h3 {[%emt 0:00:20]} Nc4 {[%emt 0:03:13]} 34. Nxc4 {[%emt 0:01:00]} dxc4 {[%emt 0:00:10]} 35. Bf1 {[%emt 0:00:35]} b5 {[%emt 0:04:00]} 36. Bg2 {[%emt 0:00:22]} Nd5 {[%emt 0:00:14]} 37. Re5 {[%emt 0:00:15]} Rd7 {[%emt 0:01:36]} 38. Be3 {[%emt 0:00:40]} h5 {[%emt 0:02:43]} 39. Bf3 {[%emt 0:00:30]} Kf8 {[%emt 0:00:31]} 40. Re1 {[%emt 0:00:49]} g6 {[%emt 0:01:34]} 41. Bd2 {[%emt 0:01:55]} Rc6 {[%emt 0:00:42]} 42. R1e2 {[%emt 0:01:21]} Ra6 {[%emt 0:00:20]} 43. g4 {[%emt 0:00:53]} hxg4 {[%emt 0:00:33]} 44. hxg4 {[%emt 0:00:01]} Kg7 {[%emt 0:03:13]} 45. Rg2 {[%emt 0:01:02]} Kf8 {[%emt 0:00:27]} 46. Kf2 {[%emt 0:00:43]} Ra8 {[%emt 0:01:20]} 47. Re1 {[%emt 0:01:19]} Kg7 {[%emt 0:00:46]} 48. Re5 {[%emt 0:01:02]} Kf8 {[%emt 0:00:15]} 49. Rg1 {[%emt 0:00:47]} Rd6 {[%emt 0:00:27]} 50. Bxd5 {[%emt 0:01:27]} Rxd5 {[%emt 0:00:12]} 51. gxf5 {[%emt 0:00:04]} gxf5 {[%emt 0:00:22]} 52. Re3 {[%emt 0:02:35]} Ke7 {[%emt 0:01:14]} 53. Rh3 {[%emt 0:00:14]} Rg8 {[%emt 0:02:38]} 54. Rxg8 {[%emt 0:00:50]} Bxg8 {[%emt 0:00:07]} 55. Ke2 {[%emt 0:00:59]} Rd7 {[%emt 0:02:48]} 56. Rh8 {[%emt 0:00:44]} Kf7 {[%emt 0:00:30]} 57. Be1 {[%emt 0:00:15]} Kg7 {[%emt 0:00:08]} 58. Rh1 {[%emt 0:00:11]} Kf8 {[%emt 0:00:41]} 59. Bf2 {[%emt 0:00:18]} Rh7 {[%emt 0:00:35]} 60. Ra1 {[%emt 0:00:18]} Bf7 {[%emt 0:00:35]} 61. a4 {[%emt 0:00:27]} bxa4 {[%emt 0:00:21]} 62. Rxa4 {[%emt 0:00:01]} Be8 {[%emt 0:00:01]} 63. Rb4 {[%emt 0:01:07]} Bc6 {[%emt 0:00:49]} 64. b3 {[%emt 0:01:11]} cxb3 {[%emt 0:01:34]} 65. Rxb3 {[%emt 0:00:48]} b5 {[%emt 0:00:13]} 66. Ra3 {[%emt 0:01:05]} Rh3 {[%emt 0:00:58]} 67. Be3 {[%emt 0:00:21]} Bf3+ {[%emt 0:02:21]} 68. Kf2 {[%emt 0:00:17]} Bd5 {[%emt 0:00:31]} 69. Bd2 {[%emt 0:02:26]} b4 {[%emt 0:00:23]} 70. Ra1 {[%emt 0:00:02]} bxc3 {[%emt 0:01:25]} 71. Bc1 {[%emt 0:00:09]} c2 {[%emt 0:00:56]} 72. Ke2 {[%emt 0:00:33]} Be4 {[%emt 0:00:25]} 73. Be3 {[%emt 0:00:39]} Rh2+ {[%emt 0:00:22]} 74. Bf2 {[%emt 0:00:11]} Ke7 {[%emt 0:01:23]} 75. Ke3 {[%emt 0:00:17]} Kd6 {[%emt 0:00:45]} 76. Be1 {[%emt 0:01:00]} Rh3+ {[%emt 0:01:06]} 77. Kd2 {[%emt 0:00:07]} Kd5 {[%emt 0:00:16]} 78. Ra5+ {[%emt 0:01:42]} Kxd4 {[%emt 0:00:54]} 79. Bf2+ {[%emt 0:00:00]} Kc4 {[%emt 0:00:17]} 80. Rc5+ {[%emt 0:00:08]} Kb4 {[%emt 0:00:06]} 81. Rc8 {[%emt 0:00:11]} Rh1 {[%emt 0:01:48]} 82. Be3 {[%emt 0:00:33]} Rd1+ {[%emt 0:00:35]} 83. Ke2 {[%emt 0:00:01]} Bd3+ {[%emt 0:00:16]} 84. Kf2 {[%emt 0:00:02]} Bc4 {[%emt 0:00:20]} 85. Rb8+ {[%emt 0:00:21]} Kc3 {[%emt 0:00:12]} 0-1